| 000 | 00650nam a2200217 a 4500 | ||
|---|---|---|---|
| 001 | BRCA_5891 | ||
| 005 | 20190320205243.0 | ||
| 008 | 170311s1792----gw-#######---#000-0#ger-# | ||
| 041 | _ager | ||
| 044 | _agw | ||
| 050 | 4 |
_aPN5053 _b.T44 1 _c1792 |
|
| 100 | 1 |
_aTheil, Erster. _914895 |
|
| 245 | 1 | 0 | _aBersuch einer Lebensbeschreibung des Feldmarschalls Krafen von Sectendorff, meist aus ungedrucften Nachrichten bearbeitet. |
| 260 |
_aLeipzig _bHeinr Graf von Seckendorff _c1792 |
||
| 300 | _a3 t. | ||
| 500 | _aPara el tomo 4 ver el I3 | ||
| 500 | _aH132 | ||
| 600 | 1 | 4 |
_aConde de Seckendorff _vBiografĂa _914896 |
| 902 | _aGFM | ||
| 942 |
_2lcc _cB |
||
| 999 |
_c5580 _d5580 |
||